Surgical oncology: fundamentals, evidence-based approaches and new technology (Record no. 32795)

MARC details
000 -LEADER
fixed length control field 00786nam a2200169 a 4500
008 - FIXED-LENGTH DATA ELEMENTS--GENERAL INFORMATION
fixed length control field 151013s2011 ||||||||||||||||| || u
020 ## - INTERNATIONAL STANDARD BOOK NUMBER
International Standard Book Number 9789350250518
050 ## - LIBRARY OF CONGRESS CALL NUMBER
Classification number RD 651 Sur
100 ## - MAIN ENTRY--PERSONAL NAME
Personal name Bartlett, David L
245 10 - TITLE STATEMENT
Title Surgical oncology: fundamentals, evidence-based approaches and new technology
Statement of responsibility, etc. Edited by David L. Bartlett, Pragatheeshwar Thirunavukarasu [and] Matthew D. Neal
260 ## - PUBLICATION, DISTRIBUTION, ETC.
Place of publication, distribution, etc. New Delhi
Name of publisher, distributor, etc. Jaypee Brothers Medical publishers
Date of publication, distribution, etc. 2011
300 ## - PHYSICAL DESCRIPTION
Extent xxii, 616p.: ill.
350 ## -
-- 191.75
650 ## - SUBJECT ADDED ENTRY--TOPICAL TERM
Topical term or geographic name entry element CANCER -- SURGERY -- HANDBOOKS, MANUALS ETC
650 ## - SUBJECT ADDED ENTRY--TOPICAL TERM
Topical term or geographic name entry element NEOPLASMS -- SURGERY
995 ## -
-- MEDICAL LIBRARY OPEN ACCESS
-- 903286
-- CBU-SCHOOL OF MEDICINE LIBRARY (Ndola)
-- 191.75
-- RD 651 Sur
-- 1
-- AVAILABLE
-- Jan 20, 2016
-- 903286
-- Medical Library Open Access Collection
999 ## -
-- 32795
-- 32795
Holdings
Withdrawn status Lost status Source of classification or shelving scheme Damaged status Not for loan Permanent Location Current Location Shelving location Date acquired Total Checkouts Full call number Barcode Date last seen Date last checked out Price effective from Koha item type
          CBU-SCHOOL OF MEDICINE LIBRARY, NDOLA. CBU-SCHOOL OF MEDICINE LIBRARY, NDOLA.   11/30/2022 4 RD 651 Sur 903286 03/30/2026 02/23/2026 11/30/2022 MONOGRAPH